000 00992nam a2200277 a 4500
005 19900720100950.3
008 891020s1990 nyua b 001 0 eng
010 _aENG-92186
020 _a9780070139695
_c450.00
020 _a0070139695
_c450.00
035 _aEN-75719
037 _bDBAD / PUB
040 _adpl
_bEnglish
082 _a006.78
100 _aHolzner, Steven
245 _aAjax:
_cby Steven Holzner
_ba beginner's guide /
260 _aNew Delhi
_bTata McGraw-Hill Publishing
_c2009
300 _axvii, 475p.
_c24 cm (pbk)
500 _aIncludes index
650 _aAjax (Web site development technology)
650 _aJavaScript (Computer program language)
650 _aWeb sites
_xDesign.
650 _a Web site development.
942 _2ddc
_cEN
_mHOL
_h006.78
999 _c19818
_d19818